000 00493nam a22001697a 4500
999 _c8940
_d8940
008 210305b ||||| |||| 00| 0 eng d
040 _aBMS College of Architecture
100 _aM, V, Milana
245 _aFashion City
300 _a215P.
500 _a1BM08AT024
502 _8B.Arch
_NBMS College of Architecture, Visvesvaraya Technological University (VTU)
_aProject report
_d2013
650 _aCity
700 _aVaseem A S
_eGuide
700 _aSathish S Rao
_eGuide
942 _2ddc
_cTHE